000 00397nam a2200133Ia 4500
008 211109s9999||||xx |||||||||||||| ||und||
082 _a833.9
_bHER-S
100 _aHermann Hesse,
245 0 _aStappenwoif
260 _bCurrent Books
_aKottayam Bn 795
_c1900
630 _xGENERAL STACK
650 _aLiterature & rhetoric
_vLiterature of germanic language
_xGerman fictionGeneralia
942 _cBOOK
999 _c39497
_d39497